The Mahavamsa : (Record no. 3492)
[ view plain ]
| 000 -LEADER | |
|---|---|
| fixed length control field | 00524nam a2200145Ia 4500 |
| 005 - DATE AND TIME OF LATEST TRANSACTION | |
| control field | 20250217052358.0 |
| 008 - FIXED-LENGTH DATA ELEMENTS--GENERAL INFORMATION | |
| fixed length control field | 240331s9999 xx 000 0 und d |
| 082 ## - DDC Classification | |
| Item Number - Author Mark | MAH |
| Class No. | 954 |
| 245 #4 - TITLE STATEMENT | |
| Title | The Mahavamsa : |
| Remainder of title | chapters XXV-XXIX |
| 260 ## - PUBLICATION, DISTRIBUTION, ETC. | |
| Place of publication, distribution, etc. | Colombo |
| Name of publisher, distributor, etc. | M.D.Gunasena & Co. Ltd |
| Date of publication, distribution, etc. | 1959 |
| 300 ## - PHYSICAL DESCRIPTION | |
| Extent (e.g. Volumes, Pages etc.) | 128 p ., |
| 500 ## - GENERAL NOTE | |
| General note | These Chapters (XXV-XXIX) of the Mahavamsa are especially prepared to help the students offering pali as a subject for the G.C.E. Advanced Level Examination |
| 700 ## - ADDED ENTRY--PERSONAL NAME | |
| Personal name | Samaranayake, D.P.R,. |
| Relator term (Role) | Editor |
| 942 ## - Koha item type (Biblio) | |
| Koha item type | Books in Stacks (Lending) |
| Lost status | Damaged status | Collection code | Home library | Current library | Shelving location | Date acquired | Full call number | Accession Number | Item type |
|---|---|---|---|---|---|---|---|---|---|
| Lending | WERC Library | WERC Library | Social Science Cupboard | 03/31/2024 | 954.9 MAH | 192 | Books in Stacks (Lending) |
